HVB Bank Slovakia, a.s., Bratislava analýza spoločnosti

Charakteristika spoločnosti HVB Bank Slovakia, a.s., Bratislava. Banka poskytuje produkty v oblasti firemných úverov, v oblasti produktov pre fyzické osoby sa zameriava na poskytovanie spotrebiteľských a hypotekárnych úverov. Kladný hospodársky výsledok banky za rok 2002. Štruktúra aktív. Ukazovatel...

Full description

Saved in:
Bibliographic Details
Main Author: Vlkolinský, Robert
Format: Book Chapter
Language:Slovak
English
Subjects:
Tags: Add Tag
No Tags, Be the first to tag this record!

MARC

LEADER 00000naa a2200000 4500
001 r048733
005 20230426121150.9
041 0 |a slo 
041 0 |a eng 
044 |a SK 
245 1 0 |a HVB Bank Slovakia, a.s., Bratislava  |b analýza spoločnosti  |c Robert Vlkolinský 
520 |a Charakteristika spoločnosti HVB Bank Slovakia, a.s., Bratislava. Banka poskytuje produkty v oblasti firemných úverov, v oblasti produktov pre fyzické osoby sa zameriava na poskytovanie spotrebiteľských a hypotekárnych úverov. Kladný hospodársky výsledok banky za rok 2002. Štruktúra aktív. Ukazovatele rentability. Finančná analýza banky. 
610 2 0 |a analýza finančná 
610 2 0 |a HVB Bank Slovakia, a.s. Bratislava 
610 2 0 |a bankovníctvo 
610 2 0 |a banky obchodné 
610 2 0 |a výsledok hospodársky 
610 2 0 |a aktíva 
610 2 0 |a výnosy 
610 2 0 |a rentabilita 
610 2 0 |a súvaha 
610 2 0 |a výkaz ziskov a strát 
610 2 0 |a Slovensko 
610 2 0 |a 1999-2002 
100 1 |a Vlkolinský, Robert